[Event "South Wales New Year op-B"]
[Site "Bridgend"]
[Date "2017.01.08"]
[Round "4"]
[White "Di Vetta, Andrew"]
[Black "Rees, Morgan"]
[Result "1-0"]
[WhiteElo "1695"]
[BlackElo "1234"]
[PlyCount "69"]
[EventDate "2017.01.06"]
[EventType "swiss"]
[EventRounds "5"]
[EventCountry "WLS"]
[SourceTitle "EXT 2019"]
[Source "ChessBase"]
[SourceDate "2018.10.10"]
[SourceVersion "1"]
[SourceVersionDate "2018.10.10"]
[SourceQuality "1"]

1. e4 e5 2. Nf3 Nf6 3. Bc4 Nc6 4. d3 h6 5. 0-0 d6 6. h3 Na5 7. Na3 Be7 8. Bd2 Nxc4 9. Nxc4 0-0 10. Ne3 Re8 11. c4 Bf8 12. b4 b6 13. b5 a6 14. a4 axb5 15. axb5 Bb7 16. Qb3 Kh8 17. Nf5 Qd7 18. g4 Rxa1 19. Rxa1 Bc8 20. Ra7 Qd8 21. Kf1 Bxf5 22. gxf5 Qb8 23. Qa4 Nd7 24. Be3 Rd8 25. Qa6 Qc8 26. Nd2 Nc5 27. Bxc5 Qxa6 28. bxa6 dxc5 29. Rxc7 Rxd3 30. Ke2 Rd8 31. Rb7 Ra8 32. Rxb6 Ra7 33. Nb3 Kg8 34. Na5 Be7 35. Nc6 1-0

[Event "South Wales New Year op-B"]
[Site "Bridgend"]
[Date "2017.01.08"]
[Round "5"]
[White "Jaberansari, Benjamin"]
[Black "Rees, Morgan"]
[Result "0-1"]
[WhiteElo "855"]
[BlackElo "1234"]
[PlyCount "58"]
[EventDate "2017.01.06"]
[EventType "swiss"]
[EventRounds "5"]
[EventCountry "WLS"]
[SourceTitle "EXT 2019"]
[Source "ChessBase"]
[SourceDate "2018.10.10"]
[SourceVersion "1"]
[SourceVersionDate "2018.10.10"]
[SourceQuality "1"]

1. e4 e5 2. Nf3 Nf6 3. Nc3 Nc6 4. d4 exd4 5. Nxd4 Bb4 6. Bd3 Nxd4 7. Be3 Bxc3+ 8. bxc3 Nc6 9. Bd4 Nxd4 10. cxd4 0-0 11. 0-0 d6 12. h3 b6 13. e5 dxe5 14. dxe5 Nd7 15. Qh5 g6 16. Qe2 Nc5 17. Be4 Ba6 18. Qe3 Nxe4 19. Qxe4 Bxf1 20. Rxf1 Re8 21. Qe2 Qd5 22. Re1 Qxa2 23. Rc1 Qd5 24. Re1 Re6 25. h4 Rae8 26. f4 Qd4+ 27. Kh1 Qxf4 28. h5 Qh4+ 29. Kg1 Rxe5 0-1

[Event "South Wales New Year op-B"]
[Site "Bridgend"]
[Date "2017.01.06"]
[Round "1"]
[White "Donovan, Edward"]
[Black "Rees, Morgan"]
[Result "1-0"]
[WhiteElo "1742"]
[BlackElo "1234"]
[PlyCount "43"]
[EventDate "2017.01.06"]
[EventType "swiss"]
[EventRounds "5"]
[EventCountry "WLS"]
[SourceTitle "EXT 2019"]
[Source "ChessBase"]
[SourceDate "2018.10.10"]
[SourceVersion "1"]
[SourceVersionDate "2018.10.10"]
[SourceQuality "1"]

1. e4 e5 2. Nf3 Nf6 3. Nxe5 d6 4. Nf3 Nxe4 5. Nc3 Nxc3 6. dxc3 Nc6 7. Be3 a6 8. Qd2 Be7 9. 0-0-0 Ne5 10. Be2 0-0 11. h3 b5 12. Nxe5 dxe5 13. Qxd8 Rxd8 14. Bf3 Rxd1+ 15. Rxd1 Bb7 16. Bxb7 Rb8 17. Bxa6 c5 18. Rd7 Bf8 19. Bb7 f5 20. Bd5+ Kh8 21. Bg5 g6 22. Bf6+ 1-0